| 000 | 00410nam a2200169Ia 4500 | ||
|---|---|---|---|
| 005 | 20240517025258.0 | ||
| 008 | 240331s9999 xx 000 0 und d | ||
| 082 |
_bLEN _a335 |
||
| 245 | 0 |
_aLenin : _blast letters and articles |
|
| 250 | _a5 th | ||
| 260 |
_aMoscow _bProgress Publisher _c1977 |
||
| 300 | _a71 p ., | ||
| 650 | _aPolitical | ||
| 650 | _aLaws | ||
| 700 |
_aSoviet Republicals _eedt |
||
| 942 | _cL | ||
| 999 |
_c2759 _d2759 |
||